| 000 | 00934nam a2200253Ia 4500 | ||
|---|---|---|---|
| 003 | OSt | ||
| 005 | 20220927112012.0 | ||
| 006 | a|||||r|||| 00| 0 | ||
| 007 | ta | ||
| 008 | 220926b |||||||| |||| 00| 0 eng d | ||
| 024 | _a84249 | ||
| 037 | _cReports | ||
| 040 |
_aRTL _cRTL _beng |
||
| 041 |
_2eng _aeng |
||
| 082 | _a"X9(D2):26.2.N72t, L3" | ||
| 110 |
_a"India, Government Of .... Rise In Costs Of Irrigation And Multipurpose Projects (Exper Committee On-). (1972) (Chairman : J P Naegamvala)" _9383052 |
||
| 245 | 0 | _aReport | |
| 260 |
_aDelhi _bC W P C Press India _c1973 |
||
| 300 |
_a"vi,290p. Appendix p. 201-90" _ccm. |
||
| 650 | _aEngineering | ||
| 700 |
_a"India, Government Of .... Rise In Costs Of Irrigation And Multipurpose Projects (Exper Committee On-). (1972) (Chairman : J P Naegamvala)" _9383053 |
||
| 942 |
_h"X9(D2):26.2.N72t, L3" _cCC |
||
| 999 |
_c699759 _d699759 |
||